<?xml version="1.0" encoding="UTF-8"?><?xml-stylesheet type="text/xsl" href="static/style.xsl"?><OAI-PMH xmlns="http://www.openarchives.org/OAI/2.0/" xmlns:xsi="http://www.w3.org/2001/XMLSchema-instance" xsi:schemaLocation="http://www.openarchives.org/OAI/2.0/ http://www.openarchives.org/OAI/2.0/OAI-PMH.xsd"><responseDate>2026-04-27T19:45:29Z</responseDate><request verb="GetRecord" identifier="oai:uvadoc.uva.es:10324/13593" metadataPrefix="marc">https://uvadoc.uva.es/oai/request</request><GetRecord><record><header><identifier>oai:uvadoc.uva.es:10324/13593</identifier><datestamp>2021-06-29T10:50:14Z</datestamp><setSpec>com_10324_38</setSpec><setSpec>col_10324_852</setSpec></header><metadata><record xmlns="http://www.loc.gov/MARC21/slim" xmlns:doc="http://www.lyncode.com/xoai" xmlns:xsi="http://www.w3.org/2001/XMLSchema-instance" xmlns:dcterms="http://purl.org/dc/terms/" xsi:schemaLocation="http://www.loc.gov/MARC21/slim http://www.loc.gov/standards/marcxml/schema/MARC21slim.xsd">
<leader>00925njm 22002777a 4500</leader>
<datafield tag="042" ind1=" " ind2=" ">
<subfield code="a">dc</subfield>
</datafield>
<datafield tag="720" ind1=" " ind2=" ">
<subfield code="a">García González, Flavio</subfield>
<subfield code="e">author</subfield>
</datafield>
<datafield tag="260" ind1=" " ind2=" ">
<subfield code="c">2015</subfield>
</datafield>
<datafield tag="520" ind1=" " ind2=" ">
<subfield code="a">Obtención y procesado de aceros inoxidables altos en nitrógeno y libres de níquel, por aleación mecánica mediante pulvimetalurgia para su uso como biomateriales. Análisis de la influencia de las variables metalúrgicas del procesado en el comportamiento en servicio de los aceros sinterizados en atmósferas de nitrógeno-hidrógeno y en vacío. Estudio de los efectos de la cinética de enfriamiento de la fase de sinterizado y de tratamientos térmicos postsinterizado. Caracterización mecánica de las probetas mediante ensayos de macro-microdureza y cuantificación de la resistencia a la corrosión utilizando métodos electroquímicos.</subfield>
</datafield>
<datafield tag="024" ind2=" " ind1="8">
<subfield code="a">http://uvadoc.uva.es/handle/10324/13593</subfield>
</datafield>
<datafield ind1=" " ind2=" " tag="653">
<subfield code="a">Aceros inoxidables</subfield>
</datafield>
<datafield tag="245" ind1="0" ind2="0">
<subfield code="a">Obtención y caracterización de aceros inoxidables libres de níquel mediante aleación mecánica para su uso como biomateriales</subfield>
</datafield>
</record></metadata></record></GetRecord></OAI-PMH>